Type | Year | Name | % Correct |
---|---|---|---|
Film | 2006 | The Departed | 88%
|
TV Show | 1990-2020 | Saturday Night Live | 75%
|
Film | 1988 | Beetlejuice | 63%
|
TV Show | 2002 | F•R•I•E•N•D•S | 63%
|
Film | 2009 | It's Complicated | 63%
|
Film | 2008 | Madagascar: Escape 2 Africa | 63%
|
Film | 2001 | Pearl Harbor | 63%
|
Film | TBA | Rust | 63%
|
Film | 2017 | The Boss Baby | 63%
|
Film | 1990 | The Hunt for Red October | 63%
|
TV Show | 2006-2013, 2020 | 30 Rock | 50%
|
Film | 2003 | Dr. Seuss' The Cat in the Hat | 50%
|
Film | 1992 | Glengarry Glen Ross | 50%
|
Film | 2015 | Mission: Impossible - Rogue Nation | 50%
|
Film | 1999 | Notting Hill | 50%
|
Film | 2012 | Rise of the Guardians | 50%
|
Film | 2021 | The Boss Baby: Family Business | 50%
|
Film | 1997 | The Edge | 50%
|
Film | 1994 | The Getaway | 50%
|
TV Show | 1998, 2005 | The Simpsons | 50%
|
TV Show | 1998-2003 | Thomas & Friends | 50%
|
Film | 2004 | Along Came Polly | 38%
|
TV Special | 2019 | Comedy Central Roast of Alec Baldwin | 38%
|
Documentary Mini-Series | 2011 | Frozen Planet | 38%
|
TV Show | 2004-2018 | Live with Kelly and Ryan | 38%
|
Film | 1993 | Malice | 38%
|
Film | 1998 | Mercury Rising | 38%
|
Film | 2018 | Mission: Impossible - Fallout | 38%
|
Play | 1990 | Prelude to a Kiss | 38%
|
Film | 1992 | Prelude to a Kiss | 38%
|
Film | 2012 | Rock of Ages | 38%
|
Film | 2004 | The Aviator | 38%
|
Film | 2003 | The Cooler | 38%
|
TV Show | 2004 | The Fairly OddParents | 38%
|
Film | 1991 | The Marrying Man | 38%
|
Film | 1994 | The Shadow | 38%
|
Film | 2004 | The SpongeBob SquarePants Movie | 38%
|
Film | 2000 | Thomas and the Magic Railroad | 38%
|
Film | 2023 | 97 Minutes | 25%
|
Film | 1990 | Alice | 25%
|
Film | 2015 | Aloha | 25%
|
Documentary Series | 2018 | American Experience | 25%
|
Film | 2016 | Andron | 25%
|
Film | 2019 | Arctic Dogs | 25%
|
Film | 2018 | A Star Is Born | 25%
|
TV Film | 1995 | A Streetcar Named Desire | 25%
|
Play | 1992 | A Streetcar Named Desire | 25%
|
Film | 2023 | Atrabilious | 25%
|
Film | 2016 | Back in the Day | 25%
|
Film | 2023 | Billie's Magic World | 25%
|
Film | 2018 | BlacKkKlansman | 25%
|
Film | 2016 | Blind | 25%
|
Film | 2013 | Blue Jasmine | 25%
|
Film | 2007 | Brooklyn Rules | 25%
|
Film | 2001 | Cats & Dogs | 25%
|
Theater | 2018 | Celebrity Autobiography | 25%
|
Film | 2020 | Chick Fight | 25%
|
TV Show | 2000-2001 | Clerks: The Animated Series | 25%
|
Film | 2015 | Concussion | 25%
|
TV Show | 1983 | Cutter to Houston | 25%
|
Web Mini-Series | 2021 | Dr. Death | 25%
|
Film | 2019 | Drunk Parents | 25%
|
Film | 2017 | Drunk Parents | 25%
|
Film | 2005 | Elizabethtown | 25%
|
Play | 2006 | Entertaining Mr. Sloane | 25%
|
Film | 2001 | Final Fantasy: The Spirits Within | 25%
|
Film | 1987 | Forever, Lulu | 25%
|
Documentary | 2019 | Framing John DeLorean | 25%
|
Film | 2005 | Fun with Dick and Jane | 25%
|
Film | 1996 | Ghosts of Mississippi | 25%
|
Film | 1989 | Great Balls of Fire! | 25%
|
Film | 1996 | Heaven's Prisoners | 25%
|
Film | 2011 | Hick | 25%
|
Film | TBA | Hollywood Heist | 25%
|
TV Show | 1985 | Hotel | 25%
|
TV Show | 2004 | Johnny Bravo | 25%
|
TV Documentary | 2008 | Journey to the Edge of the Universe | 25%
|
TV Documentary | 2008 | Journey to the Edge of the Universe | 25%
|
TV Show | 2017 | Julie's Greenroom | 25%
|
Film | TBA | Kid Santa | 25%
|
TV Show | 2004 | Las Vegas | 25%
|
TV Show | 2014 | Law & Order: Special Victims Unit | 25%
|
Documentary | 1996 | Looking for Richard | 25%
|
Play | 1986 | Loot | 25%
|
TV Film | 1985 | Love on the Run | 25%
|
Play | 1998 | Macbeth | 25%
|
Film | 1988 | Married to the Mob | 25%
|
TV Show | 2016-Present | Match Game | 25%
|
Film | 1990 | Miami Blues | 25%
|
Film | 2019 | Motherless Brooklyn | 25%
|
Film | 2008 | My Best Friend's Girl | 25%
|
Film | 2009 | My Sister's Keeper | 25%
|
TV Mini-Series | 2000 | Nuremberg | 25%
|
Film | 2016 | Paris Can Wait | 25%
|
TV Film | 2002 | Path to War | 25%
|
Film | 2016 | Rules Don't Apply | 25%
|
Film | 2006 | Running with Scissors | 25%
|
TV Film | 2003 | Second Nature | 25%
|
Documentary | 2013 | Seduced and Abandoned | 25%
|
Play | 1988 | Serious Money | 25%
|
Film | 1988 | She's Having a Baby | 25%
|
Film | 2000 | State and Main | 25%
|
Film | 2014 | Still Alice | 25%
|
Film | 2007 | Suburban Girl | 25%
|
Film | 2023 | Supercell | 25%
|
TV Film | 1984 | Sweet Revenge | 25%
|
Film | 2022 | TÁR | 25%
|
Film | 2002 | The Adventures of Pluto Nash | 25%
|
TV Show | 2018 | The Alec Baldwin Show | 25%
|
TV Showy | 1980-1982 | The Doctors | 25%
|
Film | 2006 | The Good Shepherd | 25%
|
Film | 1996 | The Juror | 25%
|
TV Show | 1993 | The Larry Sanders Show | 25%
|
Film | 2004 | The Last Shot | 25%
|
TV Mini-Series | 2018 | The Looming Tower | 25%
|
Film | 2018 | The Public | 25%
|
Film | 2001 | The Royal Tenenbaums | 25%
|
TV Film | 1984 | The Sheriff and the Astronaut | 25%
|
Film | 1998 | Thick as Thieves | 25%
|
Documentary | 1989 | Tong Tana | 25%
|
Film | 2012 | To Rome with Love | 25%
|
Play | 2004 | Twentieth Century | 25%
|
Film | 1995 | Two Bits | 25%
|
Documentary Series | 2003 | Walking with Cavemen | 25%
|
Documentary | 1995 | Wild Bill: Hollywood Maverick | 25%
|
Film | 1988 | Working Girl | 25%
|
Video Game | 2007 | World in Conflict | 25%
|
Video Game | 2009 | World in Conflict: Soviet Assault | 25%
|
Award Show | 2012 | 1st Annual NFL Honors | 13%
|
Award Show | 2013 | 2nd Annual NFL Honors | 13%
|
Award Show | 2014 | 3rd Annual NFL Honors | 13%
|
Award Show | 2010 | 82nd Academy Awards | 13%
|
Documentary Series | 2006-2008, 2012 | America's Game: The Super Bowl Champions | 13%
|
Film | 2019 | Before You Know It | 13%
|
Short Film | 2003 | Brighter Days | 13%
|
TV Special | 2003 | Dreams & Giants | 13%
|
TV Mini-Series | 1986 | Dress Gray | 13%
|
Documentary Mini-Series | 2010 | Great Migrations | 13%
|
TV Show | 2006 | Great Performances | 13%
|
TV Show | 1984-1985 | Knots Landing | 13%
|
Film | 2008 | Lymelife | 13%
|
Film | 2006 | Mini's First Time | 13%
|
TV Show | 2017 | Nightcap | 13%
|
TV Show | 2004 | Nip/Tuck | 13%
|
Film | 1999 | Outside Providence | 13%
|
Film | 2020 | Pixie | 13%
|
Documentary Series | 2007 | Planet Carnivore | 13%
|
Short Film | 1999 | Scout's Honor | 13%
|
Film | 2007 | Shortcut to Happiness | 13%
|
Film | 1988 | Talk Radio | 13%
|
Film | 2000 | The Acting Class | 13%
|
TV Film | 1987 | The Alamo: 13 Days to Glory | 13%
|
Film | 1999 | The Confession | 13%
|
TV Show | 2015-2016 | The Jim Gaffigan Show | 13%
|
Film | 2014 | Torrente 5: Operación Eurovegas | 13%
|
TV Show | 2013 | Up Late with Alec Baldwin | 13%
|
TV Show | 2005, 2018-2019 | Will & Grace | 13%
|
Award Show | 2001 | 2001 ABC World Stunt Awards | 0%
|
Documentary Series | 2008 | 60 Minutes | 0%
|
TV Mini-Series | 2014 | Alec Baldwin's Love Ride | 0%
|
Commercial | 2016 | Amazon Echo | 0%
|
Documentary | 2008 | A President to Remember | 0%
|
Documentary Mini-Series | 1993 | A Time of AIDS | 0%
|
Documentary Series | 2008 | Baseball's Golden Age | 0%
|
TV Documentary | 1996 | Blacklist: Hollywood on Trial | 0%
|
TV Special | 1997 | Black Market Birds | 0%
|
Film | TBA | Blue Before Blood | 0%
|
Documentary | 2003 | Broadway: The Golden Age, by the Legends Who Were There | 0%
|
Commercial | 2011-2013 | Capital One | 0%
|
Short Documentary | 1991 | Cheap Tricks | 0%
|
Commercial | 1995 | Chevrolet | 0%
|
Film | TBA | Cold Deck | 0%
|
Web Series | 2012, 2019 | Comedians in Cars Getting Coffee | 0%
|
Documentary | 2004 | Double Dare | 0%
|
Film | 2017 | Downsizing | 0%
|
Film | TBA | False Awakening | 0%
|
Film | 2022 | False Awakening | 0%
|
Short Film | 2001 | Final Fantasy: The Spirits Within: Aki's Dream | 0%
|
Documentary | 2016 | Flatball | 0%
|
TV Special | 1997 | Happy Birthday Elizabeth: A Celebration of Life | 0%
|
Radio Series | 2011-Present | Here's the Thing | 0%
|
TV Show | 2002-2004 | Hollywood Squares | 0%
|
Commercial | 2008 | Hulu | 0%
|
Documentary | 2005 | I'm King Kong: The Exploits of Merian C. Cooper | 0%
|
Documentary Series | 1998, 2000, 2002 | Intimate Portrait | 0%
|
Short Documentary | 2001 | Into the Shadows: The CIA in Hollywood | 0%
|
Commercial | 1998 | Iridium | 0%
|
TV Show | 2008, 2010 | Late Show with David Letterman | 0%
|
TV Show | 2009-2011 | Live from Lincoln Center | 0%
|
TV Show | 2003 | MADtv | 0%
|
Short Film | 2017 | Making America Great The First Time - George Washington | 0%
|
Documentary | 2014 | Material of the Future | 0%
|
Short Film | 2002 | Meet Your Meat | 0%
|
Commercial | 2004 | MTV | 0%
|
Commercial | 2011 | New Era | 0%
|
Award Show | 2012 | NFL Alumni Player of the Year Awards | 0%
|
TV Special | 2020 | One More 30 Rock | 0%
|
Play | 2013 | Orphans | 0%
|
Documentary | 2011 | Plastiki and the Material of Future | 0%
|
TV Show | 2003 | Player$ | 0%
|
Documentary Mini-Series | 2021 | Pretend It's a City | 0%
|
TV Show | 2002 | Primetime Glick | 0%
|
TV Show | 2014 | Private Screenings | 0%
|
TV Documentary | 2008 | Public Enemies: The Golden Age of the Gangster Film | 0%
|
TV Show | 2016 | Rachel Dratch's Late Night Snack | 0%
|
TV Show | 1997 | Raw Footage | 0%
|
Documentary Series | 2008 | Role Model: Gene Wilder | 0%
|
TV Show | 2017 | Saturday Night Live: Weekend Update Summer Edition | 0%
|
TV Special | 2002 | Short Talks on the Universe Benefit Performance | 0%
|
Play | 2005 | South Pacific | 0%
|
TV Show | 1999 | Storytime with Thomas | 0%
|
Commercial | 2004 | Subaru | 0%
|
Commercial | 2017 | Subway | 0%
|
TV Show | 2014 | Teachers Lounge | 0%
|
Documentary Mini-Series | 1999 | Test Pilots | 0%
|
TV Special | 1992 | The 39th Annual New Dramatists Benefit | 0%
|
TV Documentary | 2002 | The Best of Leifer | 0%
|
TV Film | 2001 | The Big Show | 0%
|
TV Show | 1993 | The Crusaders | 0%
|
Short Film | 2016 | The Curse of Don Scarducci | 0%
|
Documentary | 1999 | The Democratic Promise | 0%
|
TV Show | 2005-2020 | The Ellen DeGeneres Show | 0%
|
Web Series | 2022 | The Fruitties Are Back | 0%
|
Documentary | 2010 | The Last Play at Shea | 0%
|
Radio Series | 2009-2010 | The New York Philharmonic This Week | 0%
|
Film | 2017 | The Private Life of a Modern Woman | 0%
|
TV Documentary | 2010 | The Tragedy of Bataan | 0%
|
TV Show | 2004-2020 | The View | 0%
|
Film | 2003 | Thomas & Friends: Best of Gordon | 0%
|
Film | 2017 | Thomas & Friends: Thomas' Holiday Collection | 0%
|
Short Film | 1999 | Thomas and Friends: Races Rescues and Runaways | 0%
|
Film | 2006 | Thomas & Friends: Halloween Adventures | 0%
|
Short Film | 2008 | Thomas & Friends: Mud Glorious Mud | 0%
|
Film | 2010 | Thomas & Friends: The Greatest Stories | 0%
|
Documentary Series | 2016 | To Tell the Truth | 0%
|
Theater | 2003-2004 | Trumbo: Red White and Blacklisted | 0%
|
Short Documentary | 2015 | Tyson Tortures Animals | 0%
|
Short Film | 2007 | Vanity Fair: Killers Kill, Dead Men Die | 0%
|
Commercial | 2003 | Walt Disney World | 0%
|
Short Film | 2007 | Wind | 0%
|
Copyright H Brothers Inc, 2008–2024
Contact Us | Go To Top | View Mobile Site